Dohoda doplňujúca stredoeurópsku dohodu o voľnom obchode

Znenie dohody pripravené podľa originálnych dokumentov Ministerstva hospodárstva SR. Dokončenie z čísla 2/96.

Gespeichert in:
Bibliographische Detailangaben
1. Verfasser: Adamiš, M.
Format: Buchkapitel
Sprache:Slowakisch
Schlagworte:
Tags: Tag hinzufügen
Keine Tags, Fügen Sie das erste Tag hinzu!

MARC

LEADER 00000naa a2200000 4500
001 r025709
005 20230922114034.8
041 0 |a slo 
044 |a SK 
245 1 0 |a Dohoda doplňujúca stredoeurópsku dohodu o voľnom obchode  |c M. Adamiš 
520 |a Znenie dohody pripravené podľa originálnych dokumentov Ministerstva hospodárstva SR. Dokončenie z čísla 2/96. 
610 2 0 |a CEFTA 
610 2 0 |a dohody medzinárodné 
610 2 0 |a dokumenty 
100 1 |a Adamiš, M.